000 00473cam a2200145 4500500
005 20251012012531.0
041 _afre
042 _adc
100 1 0 _aPastorini, Chiara
_eauthor
245 0 0 _a“C’est quand qu’on est grand ?”
260 _c2024.
500 _a94
786 0 _nPhilosophie magazine | 176 | 1-2 | 2024-02-01 | p. 70-70 | 1951-1787
856 4 1 _uhttps://shs.cairn.info/magazine-philosophie-magazine-2024-2-page-70?lang=fr&redirect-ssocas=7080
999 _c1527131
_d1527131